Sociology for Nurses (Record no. 155410)

MARC details
000 -LEADER
fixed length control field 00325nam a2200133Ia 4500
008 - FIXED-LENGTH DATA ELEMENTS--GENERAL INFORMATION
fixed length control field 230411s9999 xx 000 0 und d
041 ## - LANGUAGE CODE
Language code of text/sound track or separate title eng
082 ## - DEWEY DECIMAL CLASSIFICATION NUMBER
Classification number SO/301/POT/B04811
100 ## - MAIN ENTRY--PERSONAL NAME
Personal name Pothen K P
245 ## - TITLE STATEMENT
Title Sociology for Nurses
260 ## - PUBLICATION, DISTRIBUTION, ETC. (IMPRINT)
Name of publisher, distributor, etc. N R Brothers
Place of publication, distribution, etc. Indore
Date of publication, distribution, etc. 2004
300 ## - PHYSICAL DESCRIPTION
Extent 268p
Holdings
Withdrawn status Lost status Damaged status Not for loan Collection code Home library Current library Date acquired Vendor Cost, normal purchase price Bill number Total Checkouts Full call number Barcode Date last seen Date last checked out Cost, replacement price Bill Date Koha item type Original Barcode
          Smt. Bakul Tambat Institute of Nursing Education Smt. Bakul Tambat Institute of Nursing Education 21/12/2007 M.K.S.S.S I.N.E.Ratnagiri. 110.00 1588 5 SO 301 POT B04811 BTIN-BK-4811 04/06/2024 03/06/2024 110.00 21/11/2007 Books B04811